00259nam a2200109Ia 4500008004100000041001200041082001100053100001700064245005600081260000600137650000600143221030s9999 xx 000 0 und d aEnglish a105.23 aM. C. Sharma 0aCarlingswitch Innovation By Designcby M. C. Sharma c0 aB